Statistics for Geography starting and ending with "a"

Click here to take the quiz!

General Stats

  • This quiz has been taken 790 times
    (725 since last reset)
  • The average score is 20 of 30

Answer Stats

HintAnswer% Correct
Largest continent on earthAsia
99%
Continent containing the most individual countriesAfrica
97%
Country bordering only France and SpainAndorra
95%
Both a country and a continentAustralia
93%
Largest country in AfricaAlgeria
92%
US state home to the Grand CanyonArizona
91%
Largest US stateAlaska
89%
Country bordering Greece with an eagle on its flagAlbania
89%
Caribbean nation consisting of two islandsAntigua and Barbuda
86%
_____-HungaryAustria
85%
US state home to Selma protestsAlabama
84%
Colloquialism for the USAAmerica
84%
Second word of large middle-eastern nationArabia
83%
Capital is LuandaAngola
82%
Home of EvitaArgentina
79%
Song by Eric Clapton, also a canadian provinceAlberta
77%
Capital of Georgia (US state)Atlanta
76%
Capital of EthiopiaAddis Ababa
72%
Island nation 29 KM north of venezuelaAruba
67%
Country which claims the world's oldest churchArmenia
62%
Largest desertAntarctica
57%
Home of a famous Greek lighthouseAlexandria
53%
Capital of MaineAugusta
53%
Region surrounding major eastern US mountain rangeAppalachia
47%
Outdated name for EthiopiaAbyssinia
39%
British island territory in the CaribbeanAnguilla
24%
Branch of the meditarranean sea between Greece and TurkeyAegean Sea
23%
Branch of the Indian Ocean to the west of India and to the south of OmanArabian Sea
19%
US atlantic national park in MaineAcadia
17%
Eastern Philippine province, also an interesting atmospheric distortionAurora
12%

Score Distribution

Percentile by Number Answered

Percent of People with Each Score

Your Score History

You have not taken this quiz since the last reset